000 00703nam a2200241 a 4500
008
020 _z8185015708 (pbk.)
049 _aMAIN
090 _aQA162
100 1 _aFraleigh, John B.
245 1 2 _aA first course in abstract algebra /
_cJohn B. Fraleigh.
250 _a3rd ed.
260 _aNew Delhi :
_bNarosa Publishing House,
_c1982.
300 _ai,xii, 478 [26] p. ;
_c23 cm.
504 _aIncludes bibliographical references : p. 485-487.
500 _aIncludes index.
650 0 _aAlgebra, Abstract.
907 _a.b10090496
_b08-10-03
_c08-10-03
003
005 20230123133436.0
040 _cNUST
942 _cBOOKS
_kQA162
999 _c148666
_d148666